| Поле | Инд. | ПП | Название | Значение |
|---|---|---|---|---|
| Тип записи | a | |||
| Библиографический уровень | b | |||
| 001 | Контрольный номер | RU/IS/BASE/188478918 | ||
| 005 | Дата корректировки | 20200608194410.2 | ||
| 008 | Кодируемые данные | 20051221 | ||
| 084 | a | Индекс другой классификации/Индекс ББК | 73.2; 60.561.8 | |
| 100 | 1_ | a | Автор | Макаренко В. П. |
| q | Полное имя | Макаренко Виктор Павлович | ||
| 245 | a | Заглавие | Наука и власть: контекст социальной истории науки | |
| 504 | a | Библиография | Библиогр. сноски | |
| 520 | a | Аннотация | "Современная наука есть воплощение колониально-имперских, революционно-бюрократических (техно-якобинских) и самодержавно-бюрократических интересов и амбиций власти и ученых." | |
| 650 | a | Основная рубрика | научно-информационная деятельность | |
| a | Основная рубрика | социология | ||
| a | Основная рубрика | социология науки | ||
| 653 | a | Ключевые слова | VII век | |
| a | Ключевые слова | VIII век | ||
| a | Ключевые слова | XIX век | ||
| a | Ключевые слова | атеизм | ||
| a | Ключевые слова | Великобритания | ||
| a | Ключевые слова | власть | ||
| a | Ключевые слова | Вторая мировая война 1939-1945 | ||
| a | Ключевые слова | институционализация науки | ||
| a | Ключевые слова | интеллигенция | ||
| a | Ключевые слова | история науки | ||
| a | Ключевые слова | коммунизм | ||
| a | Ключевые слова | милитаризация науки | ||
| a | Ключевые слова | наука | ||
| a | Ключевые слова | национализм | ||
| a | Ключевые слова | общественно-политическая жизнь | ||
| a | Ключевые слова | просвещение | ||
| a | Ключевые слова | религия | ||
| a | Ключевые слова | Россия | ||
| a | Ключевые слова | социальная история | ||
| a | Ключевые слова | университеты | ||
| a | Ключевые слова | фашизм | ||
| a | Ключевые слова | Франция | ||
| a | Ключевые слова | холодная война | ||
| 773 | t | Заглавие источника | Логос | |
| d | Дата издания источника | 2005 | ||
| g | Прочая информация | № 6. - С. 98 - 116 | ||
| w | Контрольный № источника | RU/IS/BASE/187360239 | ||
| 901 | t | Тип документа | b |